| 000 | 00518nam a2200181 i 4500 | ||
|---|---|---|---|
| 001 | 146317 | ||
| 003 | ES-MaACL | ||
| 005 | 20230906201506.0 | ||
| 007 | t| | ||
| 008 | 070906s1971 sp ||||1| spa d | ||
| 080 | _a613.84 | ||
| 100 | 1 |
_aTrías de Bes, Luis. _9111375 |
|
| 245 | 1 | 3 |
_aEl tabaco y sus servidumbres / _cLuis Trías de Bes. |
| 260 |
_aBarcelona : _bAedos, _c[1971] |
||
| 300 |
_a126 p. : _bil. ; _c18 cm. |
||
| 650 | 4 |
_aTabaco- _xEfectos fisiológicos. _917273 |
|
| 852 |
_aES-MaACL _jC-50221 _bR.77403 |
||
| 999 |
_c146317 _d146317 |
||